000 00534nam a2200193Ia 4500
005 20250508150403.0
008 008 250505s9999 xx 000 0 eng d
037 _aTextual
040 _aFEDL
_beng
_cFEDL
041 _aeng
_2eng
084 _a193.2, PAT
_qFEDL
100 _aPaton H.J.
_9756563
245 0 _aCategorical imperative
260 _aNew York, USA
_bHutchinson's University Library
_c1947
300 _a283p.
490 _aThe Senior Series
942 _cTEXL
_h193.2, PAT
999 _c1323356
_d1323356